| 000 | 00548nam a2200193Ia 4500 | ||
|---|---|---|---|
| 005 | 20250326140957.0 | ||
| 008 | 250326s9999 xx 000 0 und d | ||
| 020 | _a0-670-88049-3 | ||
| 037 | _aTextbook | ||
| 040 |
_aFMSL _beng _cFMSL |
||
| 041 |
_aeng _2eng |
||
| 084 |
_aX:81 N8 _qFMSL |
||
| 100 |
_aPugh P _9742793 |
||
| 245 | 0 |
_aStrength to change: transforming a business for the 21st century _cPugh P |
|
| 260 |
_aLondon _bLondon, Pinguin books _c1998 |
||
| 300 | _a278p | ||
| 942 |
_cTB _hX:81 N8 |
||
| 999 |
_c1288124 _d1288124 |
||